| 000 | 00000nam##2200000za#4500 |
| 001 | 9.575258 |
| 003 | CaOODSP |
| 005 | 20220901140009 |
| 007 | cr ||||||||||| |
| 008 | 150406|1999||||xxc|||||o f|0| 0 eng|d |
| 040 | |aCaOODSP|beng |
| 043 | |an-cn--- |
| 086 | 1 |aJ3-7/1999-2E-PDF |
| 110 | 1 |aCanada.|bJustice Canada. |
| 245 | 10|aMultidisciplinary approaches to justice : |h[electronic resource]|ba compilation of projects / |c[by] George Kiefl. |
| 260 | |aOttawa - Ontario : |bJustice Canada |c1999. |
| 300 | |a213p.|btables |
| 490 | 1 |aTechnical report|vTR1999-2e |
| 500 | |aUnedited. |
| 590 | |a12-40-Supp|b2012-10-23 |
| 720 | 1 |aKiefl, George |
| 775 | 08|tProjets multidisciplinaires en matière de justice : |w(CaOODSP)9.604794 |
| 830 | #0|aTechnical report ;|vTR1999-2e|w(CaOODSP)9.505667 |
| 856 | 40|ahttp://publications.gc.ca|qPDF|s552 KB|uhttps://publications.gc.ca/collections/collection_2012/jus/J3-7-1999-2-eng.pdf|yTR1999-2e |